000 00285nam a2200121Ia 4500
005 20251222155204.0
008 251222s9999||||xx |||||||||||||| ||spa||
082 _aEDUM.19
100 _aCANO CORREA,Elena.
245 0 _aTécnicas de desarrollo personal
264 _bURP
942 _cLIB
999 _c40057
_d40057